000 01151nam a22002657a 4500
003 OSt
005 20230210103838.0
007 cr ||||||a|c|a
008 230201b2022 mx ||||fom||| 001 0 spa d
040 _erda
100 1 _9185967
_aFlores Velásquez, Rosa María
245 1 _aIdentificación de maices tolerantes y susceptibles al envejecimiento de semillas y su rescate mediante promotores de germinación /
_cpor Rosa María Flores Velasquez; director de tesis Nicacio Cruz Huerta
264 1 _aChapingo, México :
_bEl autor,
_c2022.
300 _a1 recurso en línea (91 páginas).
_bgráficas
336 _2rdacontent
_atexto
_btxt
337 _2rdamedia
_acomputadora
_bc
338 _2rdacarrier
_arecurso en línea
_bcr
502 _bIAEF
_cFitotecnia
_d2022.
_gLIC
504 _aIncluye referencias bibliográficas: páginas 87-91
650 4 _9103934
_aSemillas
_xVigor
650 4 _9103903
_aSemillas
_xGerminación
700 1 _929449
_aCruz Huerta, Nicacio
_eDirector de tesis
856 _uhttp://10.13.5.2/tesis/tl/2022_FI_Flores_Velasquez_RosaMaria.pdf
_zDESCARGAR PDF
942 _2Clasificación Universidad Autónoma Chapingo
_cTD
999 _c218212
_d218212